[Event "7th Arber Senior Cup"]
[Site "chess24.com"]
[Date "2019.08.02"]
[Round "7"]
[White "Kurze, Volker"]
[Black "Braeu, Emmi"]
[Result "1/2-1/2"]
[Board "34"]
[WhiteElo "1658"]
[WhiteTeam "SC RT Altstadt Muenchen"]
[WhiteCountry "GER"]
[WhiteFideId "24694584"]
[WhiteEloChange "-5"]
[BlackElo "1477"]
[BlackTeam "SK Marktoberdorf"]
[BlackCountry "GER"]
[BlackFideId "24646946"]
[BlackEloChange "5"]

1. e4 {[%clk 2:10:30]} c5 {[%clk 2:10:30]} 2. b3 {[%clk 2:10:30]} Nc6 {[%clk
2:10:30]} 3. Bb2 {[%clk 2:10:30]} e5 {[%clk 2:10:30]} 4. Bc4 {[%clk 2:10:30]} Nf6
{[%clk 2:10:30]} 5. Nc3 {[%clk 2:10:30]} d6 {[%clk 2:10:30]} 6. d3 {[%clk
2:10:30]} Be7 {[%clk 2:10:30]} 7. Nge2 {[%clk 2:10:30]} a6 {[%clk 2:10:30]} 8. a4
{[%clk 2:10:30]} Bd7 {[%clk 2:10:30]} 9. O-O {[%clk 2:10:30]} Qc8 {[%clk
2:10:30]} 10. Nd5 {[%clk 2:10:30]} Nxd5 {[%clk 2:10:30]} 11. Bxd5 {[%clk
2:10:30]} O-O {[%clk 2:10:30]} 12. f4 {[%clk 2:10:30]} Be6 {[%clk 2:10:30]} 13.
Bxc6 {[%clk 2:10:30]} Qxc6 {[%clk 2:10:30]} 14. fxe5 {[%clk 2:10:30]} dxe5 {[%clk
2:10:30]} 15. Bxe5 {[%clk 2:10:30]} f6 {[%clk 2:10:30]} 16. Bg3 {[%clk 2:10:30]}
Rad8 {[%clk 2:10:30]} 17. Nf4 {[%clk 2:10:30]} Bf7 {[%clk 2:10:30]} 18. Qe2
{[%clk 2:10:30]} Rd7 {[%clk 2:10:30]} 19. Rad1 {[%clk 2:10:30]} Rfd8 {[%clk
2:10:30]} 20. Rfe1 {[%clk 2:10:30]} g5 {[%clk 2:10:30]} 21. Nh3 {[%clk 2:10:30]}
Be6 {[%clk 2:10:30]} 22. Nf2 {[%clk 2:10:30]} b5 {[%clk 2:10:30]} 23. axb5 {[%clk
2:10:30]} axb5 {[%clk 2:10:30]} 24. Ng4 {[%clk 2:10:30]} c4 {[%clk 2:10:30]} 25.
bxc4 {[%clk 2:10:30]} bxc4 {[%clk 2:10:30]} 26. e5 {[%clk 2:10:30]} f5 {[%clk
2:10:30]} 27. Nf6+ {[%clk 2:10:30]} Bxf6 {[%clk 2:10:30]} 28. exf6 {[%clk
2:10:30]} Bd5 {[%clk 2:10:30]} 29. d4 {[%clk 2:10:30]} f4 {[%clk 2:10:30]} 30.
Bxf4 {[%clk 2:10:30]} Qxf6 {[%clk 2:10:30]} 31. Qe5 {[%clk 2:10:30]} Qxf4 {[%clk
2:10:30]} 32. Qxf4 {[%clk 2:10:30]} gxf4 {[%clk 2:10:30]} 33. c3 {[%clk 2:10:30]}
Rf7 {[%clk 2:10:30]} 34. Re5 {[%clk 2:10:30]} f3 {[%clk 2:10:30]} 35. Rg5+ {[%clk
2:10:30]} Rg7 {[%clk 2:10:30]} 36. Rxg7+ {[%clk 2:10:30]} Kxg7 {[%clk 2:10:30]}
37. gxf3 {[%clk 2:10:30]} Bxf3 {[%clk 2:10:30]} 38. Ra1 {[%clk 2:10:30]} Rf8
{[%clk 2:10:30]} 39. Ra7+ {[%clk 2:10:30]} Rf7 {[%clk 2:10:30]} 40. Ra4 {[%clk
2:10:30]} Be2 {[%clk 2:10:30]} 41. d5 {[%clk 2:10:30]} Rd7 {[%clk 2:10:30]} 42.
Kf2 {[%clk 2:10:30]} Bd3 {[%clk 2:10:30]} 43. Ra5 {[%clk 2:10:30]} Kf6 {[%clk
2:10:30]} 44. h4 {[%clk 2:10:30]} Ke5 {[%clk 2:10:30]} 45. Ke3 {[%clk 2:10:30]}
Rxd5 {[%clk 2:10:30]} 46. Ra6 {[%clk 2:10:30]} Rd6 {[%clk 2:10:30]} 47. Ra5+
{[%clk 2:10:30]} Kf6 {[%clk 2:10:30]} 48. Kf4 {[%clk 2:10:30]} Re6 {[%clk
2:10:30]} 49. Kg3 {[%clk 2:10:30]} Re3+ {[%clk 2:10:30]} 50. Kf4 {[%clk 2:10:30]}
Re4+ {[%clk 2:10:30]} 51. Kg3 {[%clk 2:10:30]} h6 {[%clk 2:10:30]} 52. Ra6+
{[%clk 2:10:30]} Re6 {[%clk 2:10:30]} 53. Ra5 {[%clk 2:10:30]} Kg6 {[%clk
2:10:30]} 54. h5+ {[%clk 2:10:30]} Kf6 {[%clk 2:10:30]} 55. Kh4 {[%clk 2:10:30]}
Re5 {[%clk 2:10:30]} 56. Ra6+ {[%clk 2:10:30]} Kf5 {[%clk 2:10:30]} 57. Rxh6
{[%clk 2:10:30]} Re4+ {[%clk 2:10:30]} 58. Kg3 {[%clk 2:10:30]} Be2 {[%clk
2:10:30]} 59. Rh8 {[%clk 2:10:30]} Re3+ {[%clk 2:10:30]} 60. Kf2 {[%clk 2:10:30]}
Re4 {[%clk 2:10:30]} 61. h6 {[%clk 2:10:30]} Bd3 {[%clk 2:10:30]} 62. Ra8 {[%clk
2:10:30]} Kg5 {[%clk 2:10:30]} 63. Ra5+ {[%clk 2:10:30]} Kxh6 {[%clk 2:10:30]}
64. Kf3 {[%clk 2:10:30]} Re2 {[%clk 2:10:30]} 65. Kf4 {[%clk 2:10:30]} Rc2 {[%clk
2:10:30]} 66. Ra6+ {[%clk 2:10:30]} Bg6 {[%clk 2:10:30]} 67. Ke3 {[%clk 2:10:30]}
Rxc3+ {[%clk 2:10:30]} 68. Kd4 {[%clk 2:10:30]} Rc1 {[%clk 2:10:30]} 69. Rc6
{[%clk 2:10:30]} Rd1+ {[%clk 2:10:30]} 70. Kxc4 {[%clk 2:10:30]} Rd8 {[%clk
2:10:30]} 1/2-1/2

[Event "7th Arber Senior Cup"]
[Site "chess24.com"]
[Date "2019.08.02"]
[Round "7"]
[White "Yon, Gregory"]
[Black "Gross-Winter, Guenter"]
[Result "1/2-1/2"]
[Board "36"]
[WhiteElo "1658"]
[WhiteTeam "Bergische SF"]
[WhiteCountry "GER"]
[WhiteFideId "12933945"]
[BlackElo "1664"]
[BlackTeam "SC Ansbach"]
[BlackCountry "GER"]
[BlackFideId "16222750"]

1. d4 {[%clk 2:10:30]} f5 {[%clk 2:10:30]} 2. Bf4 {[%clk 2:10:30]} d6 {[%clk
2:10:30]} 3. Nf3 {[%clk 2:10:30]} Nf6 {[%clk 2:10:30]} 4. e3 {[%clk 2:10:30]} c6
{[%clk 2:10:30]} 5. Bd3 {[%clk 2:10:30]} g6 {[%clk 2:10:30]} 6. c3 {[%clk
2:10:30]} Bg7 {[%clk 2:10:30]} 7. h3 {[%clk 2:10:30]} O-O {[%clk 2:10:30]} 8.
Nbd2 {[%clk 2:10:30]} Nbd7 {[%clk 2:10:30]} 9. Qc2 {[%clk 2:10:30]} d5 {[%clk
2:10:30]} 10. O-O {[%clk 2:10:30]} Ne4 {[%clk 2:10:30]} 11. Qb3 {[%clk 2:10:30]}
Ndf6 {[%clk 2:10:30]} 12. c4 {[%clk 2:10:30]} Nxd2 {[%clk 2:10:30]} 13. Nxd2
{[%clk 2:10:30]} Ne4 {[%clk 2:10:30]} 14. Nf3 {[%clk 2:10:30]} b6 {[%clk
2:10:30]} 15. Rad1 {[%clk 2:10:30]} Be6 {[%clk 2:10:30]} 16. Ne5 {[%clk 2:10:30]}
Bxe5 {[%clk 2:10:30]} 17. Bxe5 {[%clk 2:10:30]} dxc4 {[%clk 2:10:30]} 18. Bxc4
{[%clk 2:10:30]} Bxc4 {[%clk 2:10:30]} 19. Qxc4+ {[%clk 2:10:30]} Qd5 {[%clk
2:10:30]} 20. Qxd5+ {[%clk 2:10:30]} cxd5 {[%clk 2:10:30]} 21. f3 {[%clk
2:10:30]} Nf6 {[%clk 2:10:30]} 22. Rc1 {[%clk 2:10:30]} Rac8 {[%clk 2:10:30]} 23.
Kf2 {[%clk 2:10:30]} Nd7 {[%clk 2:10:30]} 24. Bf4 {[%clk 2:10:30]} Kf7 {[%clk
2:10:30]} 25. Ke2 {[%clk 2:10:30]} Kf6 {[%clk 2:10:30]} 26. h4 {[%clk 2:10:30]}
e5 {[%clk 2:10:30]} 27. Bh6 {[%clk 2:10:30]} Rfe8 {[%clk 2:10:30]} 28. Bg5+
{[%clk 2:10:30]} Ke6 {[%clk 2:10:30]} 29. Kd3 {[%clk 2:10:30]} e4+ {[%clk
2:10:30]} 30. fxe4 {[%clk 2:10:30]} fxe4+ {[%clk 2:10:30]} 31. Kd2 {[%clk
2:10:30]} h5 {[%clk 2:10:30]} 32. Ke2 {[%clk 2:10:30]} a6 {[%clk 2:10:30]} 33.
Bf4 {[%clk 2:10:30]} Rf8 {[%clk 2:10:30]} 34. Kd2 {[%clk 2:10:30]} b5 {[%clk
2:10:30]} 35. Rxc8 {[%clk 2:10:30]} Rxc8 {[%clk 2:10:30]} 36. Rc1 {[%clk
2:10:30]} Rxc1 {[%clk 2:10:30]} 37. Kxc1 {[%clk 2:10:30]} Nb6 {[%clk 2:10:30]}
38. b3 {[%clk 2:10:30]} Nd7 {[%clk 2:10:30]} 39. Kc2 {[%clk 2:10:30]} Nb6 {[%clk
2:10:30]} 40. Bc7 {[%clk 2:10:30]} Nc8 {[%clk 2:10:30]} 41. Kc3 {[%clk 2:10:30]}
Kd7 {[%clk 2:10:30]} 42. Ba5 {[%clk 2:10:30]} Ne7 {[%clk 2:10:30]} 43. Kb4 {[%clk
2:10:30]} Kc6 {[%clk 2:10:30]} 44. Bd8 {[%clk 2:10:30]} Nf5 {[%clk 2:10:30]} 45.
Bg5 {[%clk 2:10:30]} Ng7 {[%clk 2:10:30]} 46. Ka5 {[%clk 2:10:30]} 1/2-1/2

[Event "7th Arber Senior Cup"]
[Site "chess24.com"]
[Date "2019.08.02"]
[Round "7"]
[White "Warnecke, Jens"]
[Black "Voeller, Lothar"]
[Result "1/2-1/2"]
[Board "37"]
[WhiteElo "1530"]
[WhiteTeam "SC Weilerbach"]
[WhiteCountry "GER"]
[WhiteFideId "16273389"]
[WhiteEloChange "4"]
[BlackElo "1666"]
[BlackTeam "FS Dortmund"]
[BlackCountry "GER"]
[BlackFideId "24616010"]
[BlackEloChange "-4"]

1. e4 {[%clk 2:10:30]} c5 {[%clk 2:10:30]} 2. Nc3 {[%clk 2:10:30]} g6 {[%clk
2:10:30]} 3. Nf3 {[%clk 2:10:30]} Bg7 {[%clk 2:10:30]} 4. Bc4 {[%clk 2:10:30]} e6
{[%clk 2:10:30]} 5. O-O {[%clk 2:10:30]} a6 {[%clk 2:10:30]} 6. a3 {[%clk
2:10:30]} Ne7 {[%clk 2:10:30]} 7. d3 {[%clk 2:10:30]} O-O {[%clk 2:10:30]} 8. Be3
{[%clk 2:10:30]} b6 {[%clk 2:10:30]} 9. d4 {[%clk 2:10:30]} cxd4 {[%clk 2:10:30]}
10. Bxd4 {[%clk 2:10:30]} b5 {[%clk 2:10:30]} 11. Bxg7 {[%clk 2:10:30]} Kxg7
{[%clk 2:10:30]} 12. Qd4+ {[%clk 2:10:30]} f6 {[%clk 2:10:30]} 13. Ba2 {[%clk
2:10:30]} Bb7 {[%clk 2:10:30]} 14. Qd6 {[%clk 2:10:30]} Nc8 {[%clk 2:10:30]} 15.
Qg3 {[%clk 2:10:30]} d5 {[%clk 2:10:30]} 16. Rad1 {[%clk 2:10:30]} Nb6 {[%clk
2:10:30]} 17. h4 {[%clk 2:10:30]} f5 {[%clk 2:10:30]} 18. Ng5 {[%clk 2:10:30]}
Qf6 {[%clk 2:10:30]} 19. Qc7+ {[%clk 2:10:30]} N8d7 {[%clk 2:10:30]} 20. Qxb7
{[%clk 2:10:30]} fxe4 {[%clk 2:10:30]} 21. Qc6 {[%clk 2:10:30]} Rae8 {[%clk
2:10:30]} 22. Bxd5 {[%clk 2:10:30]} exd5 {[%clk 2:10:30]} 23. Qxf6+ {[%clk
2:10:30]} Nxf6 {[%clk 2:10:30]} 24. b3 {[%clk 2:10:30]} h6 {[%clk 2:10:30]} 25.
Nh3 {[%clk 2:10:30]} Rc8 {[%clk 2:10:30]} 26. Ne2 {[%clk 2:10:30]} Rxc2 {[%clk
2:10:30]} 27. Nd4 {[%clk 2:10:30]} Rfc8 {[%clk 2:10:30]} 28. Nxc2 {[%clk
2:10:30]} Rxc2 {[%clk 2:10:30]} 29. Nf4 {[%clk 2:10:30]} Rc3 {[%clk 2:10:30]} 30.
Ne6+ {[%clk 2:10:30]} Kf7 {[%clk 2:10:30]} 31. Nd4 {[%clk 2:10:30]} g5 {[%clk
2:10:30]} 32. hxg5 {[%clk 2:10:30]} hxg5 {[%clk 2:10:30]} 33. Rc1 {[%clk
2:10:30]} Rd3 {[%clk 2:10:30]} 34. Rfd1 {[%clk 2:10:30]} Rxd1+ {[%clk 2:10:30]}
35. Rxd1 {[%clk 2:10:30]} Ng4 {[%clk 2:10:30]} 36. Rc1 {[%clk 2:10:30]} e3 {[%clk
2:10:30]} 37. Rc7+ {[%clk 2:10:30]} Ke8 {[%clk 2:10:30]} 38. fxe3 {[%clk
2:10:30]} Nxe3 {[%clk 2:10:30]} 39. Ra7 {[%clk 2:10:30]} Kd8 {[%clk 2:10:30]} 40.
Ne6+ {[%clk 2:10:30]} Kc8 {[%clk 2:10:30]} 41. Nxg5 {[%clk 2:10:30]} Kb8 {[%clk
2:10:30]} 42. Rxa6 {[%clk 2:10:30]} Kb7 {[%clk 2:10:30]} 43. Ra5 {[%clk 2:10:30]}
Kc6 {[%clk 2:10:30]} 44. Ne6 {[%clk 2:10:30]} Nc2 {[%clk 2:10:30]} 45. g4 {[%clk
2:10:30]} d4 {[%clk 2:10:30]} 46. Nf4 {[%clk 2:10:30]} b4 {[%clk 2:10:30]} 47. a4
{[%clk 2:10:30]} Na1 {[%clk 2:10:30]} 48. Nd3 {[%clk 2:10:30]} Nd5 {[%clk
2:10:30]} 49. Rc5+ {[%clk 2:10:30]} Kd6 {[%clk 2:10:30]} 50. Rb5 {[%clk 2:10:30]}
Nc2 {[%clk 2:10:30]} 51. g5 {[%clk 2:10:30]} Nc3 {[%clk 2:10:30]} 52. Rb8 {[%clk
2:10:30]} Kc7 {[%clk 2:10:30]} 53. Rf8 {[%clk 2:10:30]} Nxa4 {[%clk 2:10:30]} 54.
bxa4 {[%clk 2:10:30]} b3 {[%clk 2:10:30]} 55. g6 {[%clk 2:10:30]} Ne1 {[%clk
2:10:30]} 56. Nb2 {[%clk 2:10:30]} d3 {[%clk 2:10:30]} 57. Rf2 {[%clk 2:10:30]}
d2 {[%clk 2:10:30]} 58. Rxd2 {[%clk 2:10:30]} Nf3+ {[%clk 2:10:30]} 59. Kf2
{[%clk 2:10:30]} Nxd2 {[%clk 2:10:30]} 60. g7 {[%clk 2:10:30]} Ne4+ {[%clk
2:10:30]} 61. Kf3 {[%clk 2:10:30]} Nf6 {[%clk 2:10:30]} 62. Ke3 {[%clk 2:10:30]}
Kd7 {[%clk 2:10:30]} 63. Kd2 {[%clk 2:10:30]} Ke7 {[%clk 2:10:30]} 64. a5 {[%clk
2:10:30]} Kf7 {[%clk 2:10:30]} 65. g8Q+ {[%clk 2:10:30]} Kxg8 {[%clk 2:10:30]}
66. Kc3 {[%clk 2:10:30]} Nd7 {[%clk 2:10:30]} 67. Kc4 {[%clk 2:10:30]} Nb8 {[%clk
2:10:30]} 68. Kc5 {[%clk 2:10:30]} Nd7+ {[%clk 2:10:30]} 69. Kc6 {[%clk 2:10:30]}
Nb8+ {[%clk 2:10:30]} 70. Kb7 {[%clk 2:10:30]} Nd7 {[%clk 2:10:30]} 71. Kc7
{[%clk 2:10:30]} Nc5 {[%clk 2:10:30]} 72. Kc6 {[%clk 2:10:30]} Na6 {[%clk
2:10:30]} 73. Kb6 {[%clk 2:10:30]} Nb8 {[%clk 2:10:30]} 74. Kb7 {[%clk 2:10:30]}
Nd7 {[%clk 2:10:30]} 75. Kc6 {[%clk 2:10:30]} Nb8+ {[%clk 2:10:30]} 76. Kb7
{[%clk 2:10:30]} Nd7 {[%clk 2:10:30]} 1/2-1/2

[Event "7th Arber Senior Cup"]
[Site "chess24.com"]
[Date "2019.08.02"]
[Round "7"]
[White "Luebbers, Doris, Dr."]
[Black "Krejci, Zdenek"]
[Result "1-0"]
[Board "38"]
[WhiteElo "1514"]
[WhiteTeam "SF Taunus"]
[WhiteCountry "GER"]
[WhiteFideId "24630080"]
[WhiteEloChange "8"]
[BlackElo "1432"]
[BlackTeam "TSCHECHIEN"]
[BlackCountry "CZE"]
[BlackFideId "335495"]
[BlackEloChange "-8"]

1. d4 {[%clk 2:10:30]} d5 {[%clk 2:10:30]} 2. Nf3 {[%clk 2:10:30]} Nc6 {[%clk
2:10:30]} 3. e3 {[%clk 2:10:30]} Nf6 {[%clk 2:10:30]} 4. Be2 {[%clk 2:10:30]} e6
{[%clk 2:10:30]} 5. O-O {[%clk 2:10:30]} Bd6 {[%clk 2:10:30]} 6. b3 {[%clk
2:10:30]} O-O {[%clk 2:10:30]} 7. Bb2 {[%clk 2:10:30]} Qe7 {[%clk 2:10:30]} 8.
Nbd2 {[%clk 2:10:30]} Ne4 {[%clk 2:10:30]} 9. c4 {[%clk 2:10:30]} Nxd2 {[%clk
2:10:30]} 10. Qxd2 {[%clk 2:10:30]} Bb4 {[%clk 2:10:30]} 11. Bc3 {[%clk 2:10:30]}
Bxc3 {[%clk 2:10:30]} 12. Qxc3 {[%clk 2:10:30]} b6 {[%clk 2:10:30]} 13. Rfc1
{[%clk 2:10:30]} Ba6 {[%clk 2:10:30]} 14. Qb2 {[%clk 2:10:30]} Rab8 {[%clk
2:10:30]} 15. cxd5 {[%clk 2:10:30]} Bxe2 {[%clk 2:10:30]} 16. Qxe2 {[%clk
2:10:30]} exd5 {[%clk 2:10:30]} 17. Rxc6 {[%clk 2:10:30]} f6 {[%clk 2:10:30]} 18.
Rac1 {[%clk 2:10:30]} Rfc8 {[%clk 2:10:30]} 19. h3 {[%clk 2:10:30]} b5 {[%clk
2:10:30]} 20. R1c5 {[%clk 2:10:30]} Qe8 {[%clk 2:10:30]} 21. Qc2 {[%clk 2:10:30]}
Rb7 {[%clk 2:10:30]} 22. b4 {[%clk 2:10:30]} Qd7 {[%clk 2:10:30]} 23. Qb3 {[%clk
2:10:30]} Rd8 {[%clk 2:10:30]} 24. Qc3 {[%clk 2:10:30]} Qf5 {[%clk 2:10:30]} 25.
Qc2 {[%clk 2:10:30]} Qxc2 {[%clk 2:10:30]} 26. Rxc2 {[%clk 2:10:30]} Rd7 {[%clk
2:10:30]} 27. Nd2 {[%clk 2:10:30]} Kf7 {[%clk 2:10:30]} 28. Nb3 {[%clk 2:10:30]}
Rb6 {[%clk 2:10:30]} 29. Na5 {[%clk 2:10:30]} Rxc6 {[%clk 2:10:30]} 30. Rxc6
{[%clk 2:10:30]} Ke7 {[%clk 2:10:30]} 31. Rc2 {[%clk 2:10:30]} Ke6 {[%clk
2:10:30]} 32. Rc6+ {[%clk 2:10:30]} Ke7 {[%clk 2:10:30]} 33. Rc5 {[%clk 2:10:30]}
Kd8 {[%clk 2:10:30]} 34. Nc6+ {[%clk 2:10:30]} Kc8 {[%clk 2:10:30]} 35. Nxa7+
{[%clk 2:10:30]} Kb7 {[%clk 2:10:30]} 36. Nxb5 {[%clk 2:10:30]} c6 {[%clk
2:10:30]} 37. Nc3 {[%clk 2:10:30]} Kb6 {[%clk 2:10:30]} 38. a4 {[%clk 2:10:30]}
Rc7 {[%clk 2:10:30]} 39. a5+ {[%clk 2:10:30]} Kb7 {[%clk 2:10:30]} 40. Na4 {[%clk
2:10:30]} g5 {[%clk 2:10:30]} 41. g4 {[%clk 2:10:30]} h5 {[%clk 2:10:30]} 42. f3
{[%clk 2:10:30]} hxg4 {[%clk 2:10:30]} 43. fxg4 {[%clk 2:10:30]} Re7 {[%clk
2:10:30]} 44. Kf2 {[%clk 2:10:30]} Re6 {[%clk 2:10:30]} 45. Rc2 {[%clk 2:10:30]}
Rd6 {[%clk 2:10:30]} 46. Nc5+ {[%clk 2:10:30]} Ka7 {[%clk 2:10:30]} 47. Kf3
{[%clk 2:10:30]} Rd8 {[%clk 2:10:30]} 48. Nd3 {[%clk 2:10:30]} Rd6 {[%clk
2:10:30]} 49. Nc5 {[%clk 2:10:30]} f5 {[%clk 2:10:30]} 50. gxf5 {[%clk 2:10:30]}
Rf6 {[%clk 2:10:30]} 51. Kg4 {[%clk 2:10:30]} Rh6 {[%clk 2:10:30]} 52. Rh2 {[%clk
2:10:30]} Rh8 {[%clk 2:10:30]} 53. Kxg5 {[%clk 2:10:30]} Rg8+ {[%clk 2:10:30]}
54. Kf4 {[%clk 2:10:30]} Re8 {[%clk 2:10:30]} 55. h4 {[%clk 2:10:30]} Rg8 {[%clk
2:10:30]} 56. Rf2 {[%clk 2:10:30]} Rg1 {[%clk 2:10:30]} 57. Rb2 {[%clk 2:10:30]}
Rh1 {[%clk 2:10:30]} 58. Kg5 {[%clk 2:10:30]} Rg1+ {[%clk 2:10:30]} 59. Kf6
{[%clk 2:10:30]} Rg8 {[%clk 2:10:30]} 60. h5 {[%clk 2:10:30]} Rf8+ {[%clk
2:10:30]} 61. Ke5 {[%clk 2:10:30]} Re8+ {[%clk 2:10:30]} 62. Ne6 {[%clk 2:10:30]}
Ka6 {[%clk 2:10:30]} 63. f6 {[%clk 2:10:30]} Rh8 {[%clk 2:10:30]} 64. Rh2 {[%clk
2:10:30]} Rh7 {[%clk 2:10:30]} 65. Ng7 {[%clk 2:10:30]} Kb5 {[%clk 2:10:30]} 66.
h6 {[%clk 2:10:30]} Kxb4 {[%clk 2:10:30]} 67. a6 {[%clk 2:10:30]} Rh8 {[%clk
2:10:30]} 68. h7 {[%clk 2:10:30]} Kc3 {[%clk 2:10:30]} 69. f7 {[%clk 2:10:30]}
Kd3 {[%clk 2:10:30]} 70. Rh3 {[%clk 2:10:30]} Ke2 {[%clk 2:10:30]} 71. Ne6 {[%clk
2:10:30]} Kf2 {[%clk 2:10:30]} 72. f8Q+ {[%clk 2:10:30]} 1-0

[Event "7th Arber Senior Cup"]
[Site "chess24.com"]
[Date "2019.08.03"]
[Round "8"]
[White "Hamlack, Heinz"]
[Black "Puehn, Georg"]
[Result "1/2-1/2"]
[Board "8"]
[WhiteElo "1986"]
[WhiteCountry "GER"]
[WhiteFideId "24668095"]
[BlackElo "1990"]
[BlackCountry "GER"]
[BlackFideId "4692934"]

1. d4 {[%clk 2:10:57]} d5 {[%clk 2:10:40]} 2. Nf3 {[%clk 2:11:23]} Nf6 {[%clk
2:10:51]} 3. Nbd2 {[%clk 2:11:44]} e6 {[%clk 2:10:07]} 4. e3 {[%clk 2:12:03]} Be7
{[%clk 2:10:21]} 5. Bd3 {[%clk 2:12:13]} O-O {[%clk 2:10:28]} 6. O-O {[%clk
2:12:10]} b6 {[%clk 2:10:37]} 7. c4 {[%clk 2:12:07]} Bb7 {[%clk 2:10:06]} 8. Qc2
{[%clk 2:12:27]} c5 {[%clk 2:09:38]} 9. b3 {[%clk 2:12:39]} Nc6 {[%clk 2:09:51]}
10. Ba3 {[%clk 2:06:00]} cxd4 {[%clk 2:02:24]} 11. Bxe7 {[%clk 2:06:24]} Qxe7
{[%clk 2:01:58]} 12. exd4 {[%clk 2:03:51]} Nb4 {[%clk 2:00:56]} 13. Qb1 {[%clk
2:03:28]} Nxd3 {[%clk 1:59:42]} 14. Qxd3 {[%clk 2:03:52]} Rfd8 {[%clk 1:57:26]}
15. Qe3 {[%clk 2:00:57]} Rac8 {[%clk 1:43:25]} 16. Rfc1 {[%clk 1:59:44]} Rc7
{[%clk 1:43:25]} 17. Rc2 {[%clk 1:58:22]} dxc4 {[%clk 1:24:21]} 18. bxc4 {[%clk
1:58:36]} Nd5 {[%clk 1:16:55]} 19. Qb3 {[%clk 1:56:21]} Nf4 {[%clk 1:14:38]} 20.
Re1 {[%clk 1:50:36]} Qf6 {[%clk 1:10:44]} 21. Qe3 {[%clk 1:50:40]} Nxg2 {[%clk
0:56:40]} 22. Kxg2 {[%clk 1:50:44]} Qg6+ {[%clk 0:57:04]} 23. Kf1 {[%clk
1:48:40]} Qxc2 {[%clk 0:56:43]} 24. d5 {[%clk 1:49:06]} h6 {[%clk 0:38:46]} 25.
dxe6 {[%clk 1:45:24]} fxe6 {[%clk 0:37:55]} 26. Nd4 {[%clk 1:45:09]} Rxd4 {[%clk
0:25:05]} 27. Qxd4 {[%clk 1:45:30]} Rf7 {[%clk 0:24:42]} 28. Rxe6 {[%clk
1:44:30]} Qf5 {[%clk 0:23:18]} 29. Re8+ {[%clk 1:44:32]} Kh7 {[%clk 0:22:59]} 30.
Qe3 {[%clk 1:44:42]} Qg6 {[%clk 0:19:24]} 31. Re6 {[%clk 1:37:50]} Qf5 {[%clk
0:18:21]} 32. Re5 {[%clk 1:36:07]} Qg6 {[%clk 0:18:06]} 33. Re6 {[%clk 1:36:05]}
Qg2+ {[%clk 0:17:51]} 34. Ke1 {[%clk 1:35:59]} Rd7 {[%clk 0:14:42]} 35. Qg3
{[%clk 1:35:27]} Qxg3 {[%clk 0:11:58]} 1/2-1/2

[Event "7th Arber Senior Cup"]
[Site "chess24.com"]
[Date "2019.08.03"]
[Round "8"]
[White "Benischek, Wolfgang"]
[Black "Loibl, Johann"]
[Result "1/2-1/2"]
[Board "13"]
[WhiteElo "2022"]
[WhiteCountry "GER"]
[WhiteFideId "24687480"]
[WhiteEloChange "-6"]
[BlackElo "1760"]
[BlackCountry "AUT"]
[BlackFideId "1637053"]
[BlackEloChange "6"]

1. d4 {[%clk 2:10:57]} Nf6 {[%clk 2:10:49]} 2. c4 {[%clk 2:11:20]} e5 {[%clk
2:11:13]} 3. d5 {[%clk 2:11:26]} Bc5 {[%clk 2:11:32]} 4. Nc3 {[%clk 2:11:03]} d6
{[%clk 2:11:00]} 5. h3 {[%clk 2:09:02]} Bf5 {[%clk 2:04:20]} 6. Nf3 {[%clk
2:03:48]} Nbd7 {[%clk 1:58:28]} 7. g4 {[%clk 2:01:21]} Ne4 {[%clk 1:50:04]} 8.
Nxe4 {[%clk 1:59:27]} Bxe4 {[%clk 1:50:29]} 9. a3 {[%clk 1:56:27]} a5 {[%clk
1:39:24]} 10. Bg2 {[%clk 1:56:41]} Qe7 {[%clk 1:34:02]} 11. O-O {[%clk 1:55:02]}
O-O {[%clk 1:30:28]} 12. Bg5 {[%clk 1:53:36]} Qe8 {[%clk 1:29:15]} 13. Bd2 {[%clk
1:39:53]} Bxf3 {[%clk 1:20:17]} 14. Bxf3 {[%clk 1:34:55]} e4 {[%clk 1:18:05]} 15.
Bg2 {[%clk 1:35:12]} e3 {[%clk 1:16:34]} 16. Bxe3 {[%clk 1:34:49]} Bxe3 {[%clk
1:16:58]} 17. fxe3 {[%clk 1:35:09]} Qxe3+ {[%clk 1:17:24]} 18. Rf2 {[%clk
1:31:26]} f5 {[%clk 1:12:23]} 19. Qc1 {[%clk 1:28:58]} Qxc1+ {[%clk 1:10:57]} 20.
Rxc1 {[%clk 1:29:27]} fxg4 {[%clk 1:11:08]} 21. hxg4 {[%clk 1:29:27]} 1/2-1/2

[Event "7th Arber Senior Cup"]
[Site "chess24.com"]
[Date "2019.08.03"]
[Round "8"]
[White "Hilbig, Dieter"]
[Black "Steiger, Michael"]
[Result "1/2-1/2"]
[Board "15"]
[WhiteElo "1943"]
[WhiteCountry "GER"]
[WhiteFideId "24642851"]
[WhiteEloChange "2"]
[BlackElo "2016"]
[BlackCountry "GER"]
[BlackFideId "12912000"]
[BlackEloChange "-2"]

1. e4 {[%clk 2:10:30]} c5 {[%clk 2:10:30]} 2. Nc3 {[%clk 2:10:30]} Nc6 {[%clk
2:10:30]} 3. f4 {[%clk 2:10:30]} e6 {[%clk 2:10:30]} 4. Nf3 {[%clk 2:10:30]} d5
{[%clk 2:09:54]} 5. Bb5 {[%clk 2:10:30]} Ne7 {[%clk 2:09:17]} 6. Qe2 {[%clk
2:10:25]} d4 {[%clk 2:07:35]} 7. Nb1 {[%clk 2:02:33]} a6 {[%clk 2:07:03]} 8.
Bxc6+ {[%clk 2:02:33]} Nxc6 {[%clk 2:07:03]} 9. O-O {[%clk 2:02:32]} Be7 {[%clk
2:03:14]} 10. d3 {[%clk 2:02:16]} O-O {[%clk 2:01:16]} 11. Nbd2 {[%clk 2:00:14]}
Qc7 {[%clk 1:53:05]} 1/2-1/2